|
|
|
|
| LEADER |
01083nam a22002297a 4500 |
| 001 |
40409 |
| 003 |
BD-DhAAL |
| 008 |
230222t2013 bg ||||| |||| 00| 0 ben d |
| 040 |
|
|
|a BD-DhAAL
|c BD-DhAAL
|
| 041 |
|
|
|a ben
|
| 082 |
|
|
|a 307.1412095492
|2 23
|
| 100 |
|
|
|a রশিদ, সেলিম
|9 53709
|
| 245 |
|
|
|a কমপ্যাক্ট টাউনশিপস ও ১০% প্রবৃদ্ধির ম্যাজিক /
|c সেলিম রশিদ.
|
| 260 |
|
|
|a ঢাকা :
|b কমপ্যাক্ট টাউনশিপ ফাউন্ডেশন,
|c ২০১৩.
|
| 300 |
|
|
|a ৯২ পৃষ্ঠা ;
|c ২২সে.মি.
|
| 541 |
|
|
|a Donated By Akbar Ali Khan
|e 40409
|
| 650 |
|
|
|a Rural development
|z Bangladesh.
|
| 651 |
|
|
|a Land use, Rural
|x Bangladesh.
|9 53710
|
| 852 |
|
|
|a Ayesha Abed Library
|c Akbar Ali Khan Collection
|
| 942 |
|
|
|2 ddc
|c BK
|
| 999 |
|
|
|c 45517
|d 45517
|
| 952 |
|
|
|0 0
|1 0
|2 ddc
|4 0
|6 307_141209549200000_RAS
|7 1
|9 73278
|a BRACUL
|b BRACUL
|c AAKC
|d 2023-02-22
|e Donated By Akbar Ali Khan
|g 150.00
|l 0
|o 307.1412095492 RAS
|p 3010040409
|r 2023-02-22
|t 1
|w 2023-02-22
|y BK
|